[Event "18th American Continental"]
[Site "Foz do Iguacu BRA"]
[Date "2025.05.24"]
[Round "3.17"]
[White "Di Berardino, Diego Rafael"]
[Black "Asprelli, Gaspar"]
[Result "1-0"]
[WhiteTitle "IM"]
[WhiteElo "2448"]
[BlackElo "2279"]
[WhiteFideId "2105446"]
[BlackFideId "165891"]
[EventDate "2025.05.23"]

1. e4 c5 2. Nf3 e6 3. d4 cxd4 4. Nxd4 Nf6 5. Nc3 Nc6 6. a3 d5 7. exd5 exd5 8.
Bb5 Bd7 9. O-O Be7 10. Nb3 a6 11. Be2 Be6 12. Bf3 O-O 13. Be3 Rc8 14. Re1 Re8
15. Bg5 h6 16. Bh4 Qc7 17. Nd4 Nxd4 18. Qxd4 b5 19. Bg3 Qd7 20. Be5 Red8 21.
Rad1 a5 22. Qd2 b4 23. axb4 axb4 24. Ne2 Ne4 25. Qe3 f5 26. Nd4 Bc5 27. h3 Qf7
28. Bxe4 fxe4 29. Qg3 Bxd4 30. Rxd4 Rxc2 31. Rexe4 1-0

[Event "18th American Continental"]
[Site "Foz do Iguacu BRA"]
[Date "2025.05.24"]
[Round "3.18"]
[White "Palacio, Igor Da Paz"]
[Black "Salinas Herrera, Pablo"]
[Result "0-1"]
[BlackTitle "GM"]
[WhiteElo "2165"]
[BlackElo "2447"]
[WhiteFideId "2121140"]
[BlackFideId "3407128"]
[EventDate "2025.05.23"]

1. Nf3 d5 2. g3 Bg4 3. Bg2 e6 4. c4 c6 5. Ne5 Bf5 6. cxd5 cxd5 7. Qa4+ Nd7 8. d3
Nf6 9. g4 b5 10. Qxb5 Bxg4 11. Nxg4 Nxg4 12. Qa4 Qh4 13. Qf4 Bd6 14. Qf3 Bc5 15.
e3 Nde5 16. Qg3 Qxg3 17. hxg3 Nxd3+ 18. Ke2 Ndxf2 19. Rf1 Ne4 20. Bxe4 dxe4 21.
Nc3 f5 22. Rb1 Bd6 23. Rg1 O-O 24. Bd2 Rfd8 25. Nb5 Bc5 26. Nc7 0-1

[Event "18th American Continental"]
[Site "Foz do Iguacu BRA"]
[Date "2025.05.24"]
[Round "3.19"]
[White "Panjwani, Raja"]
[Black "Baules Rodriguez, Jorge Luis"]
[Result "0-1"]
[WhiteTitle "IM"]
[BlackTitle "IM"]
[WhiteElo "2446"]
[BlackElo "2257"]
[WhiteFideId "2604493"]
[BlackFideId "6600247"]
[EventDate "2025.05.23"]

1. e4 e5 2. Nf3 Nc6 3. Bc4 Nf6 4. d3 Bc5 5. O-O d6 6. c3 a5 7. Re1 O-O 8. Nbd2
Ba7 9. h3 h6 10. Nf1 Re8 11. Ng3 Be6 12. Bb5 Bd7 13. a4 Ne7 14. d4 Ng6 15. Bd3
Bc6 16. Be3 exd4 17. Bxd4 Ne5 18. Bc2 Bd7 19. Nd2 Ng6 20. Ndf1 c5 21. Bxf6 Qxf6
22. Ne3 c4 23. Qd2 Be6 24. Nef5 Bxf5 25. exf5 Ne5 26. Qf4 d5 27. Nh5 Qg5 28.
Rxe5 Rxe5 29. Qxe5 Qxh5 30. Re1 Qh4 31. g3 Qxh3 32. f6 gxf6 33. Qf4 Bc5 34. Qf3
Qd7 35. Kg2 Re8 36. Rd1 Re5 37. Qxf6 Re2 38. Qxh6 Rxf2+ 39. Kh1 Rxc2 40. Qg5+
Kf8 41. Qh6+ Kg8 42. Qg5+ Kf8 43. Qh6+ Ke8 44. Qh8+ Ke7 45. Qe5+ Qe6 46. Qc7+
Kf8 47. Qxc5+ 0-1

[Event "18th American Continental"]
[Site "Foz do Iguacu BRA"]
[Date "2025.05.24"]
[Round "3.20"]
[White "Garmendia Vega, Gabriel"]
[Black "Coro, Lucas"]
[Result "0-1"]
[WhiteTitle "CM"]
[BlackTitle "IM"]
[WhiteElo "2100"]
[BlackElo "2434"]
[WhiteFideId "3414361"]
[BlackFideId "147222"]
[EventDate "2025.05.23"]

1. d4 Nf6 2. c4 g6 3. Nc3 Bg7 4. e4 d6 5. Be2 O-O 6. Be3 c5 7. d5 e6 8. Nf3 exd5
9. cxd5 Bg4 10. Nd2 Bxe2 11. Qxe2 Re8 12. O-O Na6 13. h3 Nc7 14. a4 Na6 15. Rac1
Nb4 16. Qc4 Nd7 17. f4 f5 18. Rfe1 fxe4 19. Ndxe4 Nb6 20. Qf1 N4xd5 21. Bd2 Nb4
22. a5 d5 23. axb6 dxe4 24. Qc4+ Kh8 25. Nxe4 Qd4+ 26. Kh2 Nd3 27. Qf7 Rf8 28.
Qxb7 Rab8 29. Qxa7 Qd5 30. Bc3 Rb7 31. Bxg7+ Kxg7 32. Nc3 Qf7 33. Qa6 Nxc1 34.
Rxc1 Qxf4+ 35. g3 0-1

[Event "18th American Continental"]
[Site "Foz do Iguacu BRA"]
[Date "2025.05.24"]
[Round "3.21"]
[White "Tristan, Leonardo"]
[Black "Alboredo, Julia"]
[Result "1/2-1/2"]
[WhiteTitle "GM"]
[BlackTitle "FM"]
[WhiteElo "2536"]
[BlackElo "2165"]
[WhiteFideId "113816"]
[BlackFideId "2124807"]
[EventDate "2025.05.23"]

1. d4 Nf6 2. c4 e6 3. Nc3 Bb4 4. e3 c5 5. Ne2 O-O 6. a3 Bxc3+ 7. Nxc3 d6 8. Be2
e5 9. dxe5 dxe5 10. O-O Qxd1 11. Rxd1 Bf5 12. b4 Nbd7 13. g4 Be6 14. g5 Ne8 15.
Bb2 Nb6 16. Nd5 f6 17. gxf6 gxf6 18. Rac1 cxb4 19. Nxb6 axb6 20. axb4 Ra2 21.
Rd2 Rf7 22. f4 Rd7 23. Rcd1 Rxd2 24. Rxd2 Kf7 25. Kf2 Nd6 26. Ke1 Nxc4 27. Bxc4
Bxc4 28. fxe5 fxe5 1/2-1/2

[Event "18th American Continental"]
[Site "Foz do Iguacu BRA"]
[Date "2025.05.24"]
[Round "3.22"]
[White "Hardaway, Brewington"]
[Black "Villarreal, Agustin"]
[Result "1-0"]
[WhiteTitle "GM"]
[BlackTitle "FM"]
[WhiteElo "2502"]
[BlackElo "2272"]
[WhiteFideId "30941849"]
[BlackFideId "125687"]
[EventDate "2025.05.23"]

1. e4 e5 2. Nf3 Nc6 3. Bc4 Nf6 4. d3 h6 5. a4 d6 6. Nc3 g6 7. h3 Bg7 8. Be3 Be6
9. Bxe6 fxe6 10. Ne2 Qd7 11. Ng3 O-O 12. O-O Rf7 13. c3 Raf8 14. b4 Ne8 15. b5
Ne7 16. Nh2 Kh7 17. Qe2 b6 18. d4 d5 19. Ng4 exd4 20. Bxd4 Qd6 21. Bxg7 Kxg7 22.
Qe3 Rf4 23. Ne2 Rxe4 24. Qxh6+ Kg8 25. Ng3 Ref4 26. Rae1 Ng7 27. Qg5 Rxa4 28.
Re5 1-0

[Event "18th American Continental"]
[Site "Foz do Iguacu BRA"]
[Date "2025.05.24"]
[Round "3.23"]
[White "Shabalov, Alexander"]
[Black "Pires, Marcos Vinicius Torsani"]
[Result "1/2-1/2"]
[WhiteTitle "GM"]
[BlackTitle "FM"]
[WhiteElo "2483"]
[BlackElo "2204"]
[WhiteFideId "2008572"]
[BlackFideId "2118939"]
[EventDate "2025.05.23"]

1. e4 e5 2. Nf3 Nc6 3. Nc3 Nf6 4. h3 d5 5. exd5 Nxd5 6. Bb5 Nxc3 7. bxc3 Bd6 8.
O-O O-O 9. d4 exd4 10. cxd4 h6 11. Rb1 Qf6 12. Be3 Bf5 13. Bd3 b6 14. Rb5 Ne7
15. c4 Rad8 16. Rb3 Ng6 17. Bxf5 Qxf5 18. Qb1 Qxb1 19. Rfxb1 Bf4 20. Ra3 a5 21.
Rb5 Rfe8 22. Rab3 Re6 23. h4 Rf6 24. c5 a4 25. Rb1 bxc5 26. h5 Nf8 27. dxc5 Bxe3
28. fxe3 Rf5 29. c6 Rxb5 30. Rxb5 Ne6 31. Ra5 Rd1+ 32. Kf2 Rc1 33. Rxa4 Rxc6 34.
Ra8+ Kh7 35. g4 Rc2+ 36. Kg3 Rc3 37. Kf2 Rc2+ 38. Kg3 1/2-1/2

[Event "18th American Continental"]
[Site "Foz do Iguacu BRA"]
[Date "2025.05.24"]
[Round "3.24"]
[White "Avila Pavas, Santiago"]
[Black "Aranha Filho, Alvaro Z."]
[Result "1-0"]
[WhiteTitle "GM"]
[BlackTitle "FM"]
[WhiteElo "2469"]
[BlackElo "2184"]
[WhiteFideId "4437128"]
[BlackFideId "2103931"]
[EventDate "2025.05.23"]

1. e4 e5 2. Nf3 Nf6 3. Nxe5 d6 4. Nf3 Nxe4 5. d4 d5 6. Bd3 Nc6 7. O-O Be7 8. c4
Nf6 9. c5 O-O 10. Be3 Nb4 11. Be2 Bf5 12. Ne1 a5 13. a3 Nc6 14. Nf3 Ne4 15. Nc3
Bf6 16. Qb3 Nxc3 17. bxc3 Rb8 18. Qa4 Ra8 19. Ra2 Ne7 20. Rb2 b6 21. cxb6 cxb6
22. Bf4 Ng6 23. Bg3 Be7 24. Ra1 Bd6 25. Qc6 Bxg3 26. hxg3 Rc8 27. Qxb6 Rxc3 28.
Qxd8 Rxd8 29. Rb5 a4 30. Ra5 Rdc8 31. Rxa4 Rc1+ 32. Rxc1 Rxc1+ 33. Kh2 Rc2 34.
Ra8+ Nf8 35. Bb5 Rxf2 36. a4 g6 37. a5 Kg7 38. Ra7 Kg8 39. a6 Be4 40. Kg1 Rb2
41. Rb7 Ra2 42. a7 Kg7 43. Bc6 Ne6 44. Re7 Kf6 45. Rxe6+ Kxe6 46. a8=Q Rxa8 47.
Bxa8 f6 48. Bc6 g5 49. Kf2 h6 50. Ke3 f5 51. Ba4 Kf6 52. Ne1 Ke6 53. Bc2 1-0

[Event "18th American Continental"]
[Site "Foz do Iguacu BRA"]
[Date "2025.05.24"]
[Round "3.25"]
[White "Johnson, Joshua"]
[Black "Villanueva, Mario"]
[Result "0-1"]
[WhiteTitle "FM"]
[BlackTitle "IM"]
[WhiteElo "2267"]
[BlackElo "2454"]
[WhiteFideId "7700768"]
[BlackFideId "113433"]
[EventDate "2025.05.23"]

1. e4 c6 2. d4 d5 3. exd5 cxd5 4. Bd3 Nf6 5. c3 Bg4 6. Nf3 Nc6 7. O-O e6 8. Nbd2
Bd6 9. Re1 Qc7 10. Nf1 O-O 11. Ng3 Rfe8 12. Bg5 Nh5 13. Nf1 Nf4 14. Bxf4 Bxf4
15. g3 Bh6 16. Ne3 Bxe3 17. Rxe3 e5 18. h3 Bxf3 19. Qxf3 e4 20. Qe2 Qd7 21. Re1
Qxh3 22. Qd1 Qd7 23. Bf1 f5 24. Qh5 Qf7 25. Qxf7+ Kxf7 26. Rc1 Rac8 27. Ree1 g5
28. Bb5 Kf6 29. Kg2 Rh8 30. Rcd1 h5 31. Rh1 Ne7 32. Be2 h4 33. Rdg1 hxg3 34.
fxg3 f4 35. Bg4 Nf5 36. Bxf5 Kxf5 37. Kf2 b5 38. g4+ Kf6 39. a3 a5 40. Kg2 Rh4
41. Rxh4 gxh4 42. g5+ Kxg5 43. Kh3+ Kf5 44. Rg7 Re8 45. Rf7+ Kg5 46. Kg2 e3 47.
Kf1 h3 48. Ke2 Rh8 0-1

[Event "18th American Continental"]
[Site "Foz do Iguacu BRA"]
[Date "2025.05.24"]
[Round "3.26"]
[White "Liascovich, Lucas"]
[Black "Mayta Aiza, Maveric"]
[Result "1/2-1/2"]
[WhiteTitle "IM"]
[BlackTitle "CM"]
[WhiteElo "2417"]
[BlackElo "2184"]
[WhiteFideId "108634"]
[BlackFideId "3307336"]
[EventDate "2025.05.23"]

1. e4 c5 2. c3 Nf6 3. e5 Nd5 4. d4 cxd4 5. Nf3 Nc6 6. cxd4 d6 7. Bc4 Nb6 8. Bb3
dxe5 9. d5 Nd4 10. Nxd4 exd4 11. Qxd4 e6 12. Nc3 Qf6 13. Qd3 exd5 14. O-O Be6
15. Nb5 Rd8 16. Nc7+ Kd7 17. Nb5 Be7 18. Nxa7 Ke8 19. Nb5 Kf8 20. Nd4 Bc8 21.
Re1 h5 22. Nf3 Bf5 23. Qb5 Qc6 24. Qa5 Qc5 25. Bd2 Qxa5 26. Bxa5 Rh6 27. Nd4 Bd7
28. Rad1 Ra8 29. Bxb6 Rxb6 30. Re5 g6 31. Rxd5 Ba4 32. Kf1 Bf6 33. Ke2 Bxb3 1/2-1/2

[Event "18th American Continental"]
[Site "Foz do Iguacu BRA"]
[Date "2025.05.24"]
[Round "3.27"]
[White "Toniutti, Ezio"]
[Black "Spata, German"]
[Result "1/2-1/2"]
[WhiteTitle "FM"]
[BlackTitle "FM"]
[WhiteElo "2215"]
[BlackElo "2376"]
[WhiteFideId "113034"]
[BlackFideId "113026"]
[EventDate "2025.05.23"]

1. d4 d6 2. c4 Nf6 3. Nc3 g6 4. e4 Bg7 5. Be2 O-O 6. Bg5 c5 7. d5 e6 8. Qd2 exd5
9. exd5 Qb6 10. Nf3 h6 11. Bxh6 Bxh6 12. Qxh6 Qxb2 13. Rc1 Re8 14. O-O Bg4 15.
h3 Bxf3 16. Bxf3 a6 17. Qf4 Nbd7 18. Qxd6 Re5 19. Ne4 Nxe4 20. Bxe4 Rd8 21. Rb1
Qxa2 22. Bf3 Ree8 23. Rxb7 Ne5 24. Qxc5 Nxc4 25. Qd4 Nd2 26. Rd1 Nxf3+ 27. gxf3
Qe2 28. Rd3 Re5 29. h4 Rexd5 30. Qf6 Qe6 31. Qxe6 1/2-1/2

[Event "18th American Continental"]
[Site "Foz do Iguacu BRA"]
[Date "2025.05.24"]
[Round "3.28"]
[White "Starke, Bruno Orlando"]
[Black "Melian, Juan Sebastian"]
[Result "0-1"]
[BlackTitle "FM"]
[WhiteElo "2143"]
[BlackElo "2358"]
[WhiteFideId "2128713"]
[BlackFideId "3706575"]
[EventDate "2025.05.23"]

1. Nf3 c5 2. c4 Nf6 3. Nc3 e6 4. g3 Nc6 5. Bg2 Qb6 6. O-O Be7 7. e4 d6 8. d3 O-O
9. a3 Nd7 10. Rb1 Nde5 11. Ne1 Bf6 12. Ne2 Nd7 13. b4 Qc7 14. Nc2 Rb8 15. Be3 b6
16. Qd2 Bb7 17. f4 Rbe8 18. d4 cxd4 19. Ncxd4 Nxd4 20. Nxd4 a6 21. Ne2 Be7 22.
Rbc1 Rc8 23. Rfd1 Rfd8 24. Nc3 Qb8 25. Qe2 Bc6 26. Bf2 Rc7 27. Rd2 Rdc8 28. Rdc2
h6 29. h4 Nf6 30. f5 exf5 31. Nd5 Nxd5 32. exd5 Ba4 33. Rd2 Bf8 34. Qd3 g6 35.
h5 Re8 36. hxg6 fxg6 37. c5 0-1

[Event "18th American Continental"]
[Site "Foz do Iguacu BRA"]
[Date "2025.05.24"]
[Round "3.29"]
[White "Jodorcovsky Werjivker, Paulo"]
[Black "Matsuura, Everaldo"]
[Result "0-1"]
[WhiteTitle "CM"]
[BlackTitle "GM"]
[WhiteElo "2117"]
[BlackElo "2354"]
[WhiteFideId "3700305"]
[BlackFideId "2100169"]
[EventDate "2025.05.23"]

1. c4 e6 2. Nf3 d5 3. e3 Nf6 4. Nc3 a6 5. b3 c5 6. cxd5 exd5 7. d4 cxd4 8. Nxd4
Bd6 9. Be2 O-O 10. Bb2 Re8 11. O-O Nc6 12. Nf3 Bc7 13. Rc1 Qd6 14. g3 Bh3 15.
Re1 Rad8 16. Nd4 Ba5 17. Nxc6 bxc6 18. Qd4 c5 19. Qh4 Qe6 20. Qa4 Bb6 21. Qxa6
d4 22. Na4 Ng4 23. Qxb6 Qe4 24. Bf1 Qf3 25. Rc2 dxe3 26. fxe3 Bxf1 27. Nc3 Bh3
28. Bc1 Ne5 29. Rf2 Qa8 30. e4 Nd3 0-1

[Event "18th American Continental"]
[Site "Foz do Iguacu BRA"]
[Date "2025.05.24"]
[Round "3.30"]
[White "Contreras Huaman, Fiorella"]
[Black "Jardim, Frederico Rodrigues"]
[Result "1-0"]
[WhiteTitle "WIM"]
[BlackTitle "CM"]
[WhiteElo "2341"]
[BlackElo "2173"]
[WhiteFideId "3824675"]
[BlackFideId "22798404"]
[EventDate "2025.05.23"]

1. e4 e5 2. Nf3 Nc6 3. Bb5 a6 4. Ba4 Nge7 5. c3 Ng6 6. d4 exd4 7. Nxd4 Bc5 8.
Be3 Nce5 9. O-O O-O 10. Bb3 d6 11. f3 Qh4 12. Qd2 h6 13. a4 Kh8 14. Na3 Bd7 15.
h3 Rae8 16. Nac2 Be6 17. Bf2 Qh5 18. Nxe6 fxe6 19. Bxc5 dxc5 20. Ne3 Nf4 21. Bd1
Qg5 22. Kh2 Nxg2 23. Qxg2 Qxe3 24. Qf2 Qf4+ 25. Qg3 Rd8 26. Qxf4 Rxf4 27. Kg3 g5
28. Rf2 Rd3 29. Be2 Rd2 30. Bd1 Rd6 31. Bc2 h5 32. Rh1 h4+ 33. Kg2 Nxf3 34. Rhf1
Rd2 35. Rxd2 Nxd2 36. Rxf4 gxf4 37. e5 Nc4 38. Kf3 Nxb2 39. Kxf4 Kg7 40. Kg5 Nc4
41. Bb3 Nxe5 42. Bxe6 b5 43. Kf5 Ng6 44. a5 Ne7+ 45. Ke5 b4 46. cxb4 cxb4 47.
Kd4 Nc6+ 48. Kc5 Nxa5 49. Kxb4 Nc6+ 50. Kc5 Ne5 51. Bc8 a5 52. Kb5 Kf6 53. Kxa5
Ke7 54. Kb4 Kd6 55. Bb7 c6 56. Kc3 Kd5 57. Bc8 Ke4 58. Bb7 Ke3 59. Bc8 Nf7 60.
Bd7 c5 61. Be6 Nd6 62. Bd7 Ke4 63. Bc6+ Ke5 64. Kd3 Nc8 65. Bb7 Nb6 66. Bc6 c4+
67. Kc3 Kd6 68. Be4 Kc5 69. Kc2 Kd4 70. Bf5 Nd5 71. Bd7 Ne3+ 72. Kd2 c3+ 73. Ke2
Nc4 1-0

[Event "18th American Continental"]
[Site "Foz do Iguacu BRA"]
[Date "2025.05.24"]
[Round "3.78"]
[White "Torales G., Ivan Alejandro B."]
[Black "Britez, G Jorge A"]
[Result "0-1"]
[WhiteTitle "FM"]
[WhiteElo "2089"]
[BlackElo "1764"]
[WhiteFideId "3710785"]
[BlackFideId "3700585"]
[EventDate "2025.05.23"]

1. e4 c6 2. d4 d5 3. exd5 cxd5 4. c4 Nf6 5. Nc3 e6 6. Nf3 Bb4 7. Be2 dxc4 8.
Bxc4 O-O 9. O-O b6 10. Qb3 Bxc3 11. bxc3 Bb7 12. Ne5 Nc6 13. Nxc6 Bxc6 14. Bg5
Bd5 15. Bxd5 Qxd5 16. Bxf6 gxf6 17. Qxd5 exd5 18. Rfd1 Rac8 19. Rd3 Rc4 20. Rb1
Ra4 21. Rd2 Rc8 22. Rb3 Kf8 23. Kf1 Ke7 24. Re2+ Kd6 25. a3 Rac4 26. Re3 R8c7
27. Ke2 Re7 28. Kd3 Rxe3+ 29. fxe3 f5 30. Rb1 Ra4 31. Ra1 b5 32. Kc2 Rc4 33. Rf1
Ke6 34. Rf3 Rc8 35. Rh3 Rg8 36. g3 Rg7 37. Rh6+ f6 38. Kb3 Rc7 39. Rh4 a6 40.
Rf4 a5 41. Rf1 a4+ 42. Kb4 Rc4+ 43. Kxb5 Rxc3 44. Kxa4 Rxe3 45. Rf4 Re2 46. Rh4
Re4 47. Kb4 Rxh4 48. gxh4 f4 49. Kc3 Kf5 50. Kd3 f3 51. Ke3 f2 52. Kxf2 Ke4 53.
Ke2 Kxd4 54. Kd2 Kc4 55. a4 f5 56. Ke3 d4+ 57. Ke2 f4 58. a5 Kb5 59. Kd3 f3 0-1

[Event "18th American Continental"]
[Site "Foz do Iguacu BRA"]
[Date "2025.05.24"]
[Round "3.79"]
[White "Reyes Zavaleta, Cristhian Yamil"]
[Black "Calcada, Henrique Galvan"]
[Result "1-0"]
[WhiteElo "2073"]
[BlackElo "1896"]
[WhiteFideId "3844340"]
[BlackFideId "22746080"]
[EventDate "2025.05.23"]

1. d4 Nf6 2. c4 e6 3. g3 Bb4+ 4. Bd2 a5 5. Bg2 O-O 6. Nf3 b6 7. Ne5 Ra7 8. O-O
d6 9. Nd3 Bxd2 10. Nxd2 c5 11. e3 Bb7 12. Bxb7 Rxb7 13. Qf3 Qe7 14. Rad1 Rc8 15.
Rfe1 Nc6 16. d5 exd5 17. cxd5 Nb4 18. Nc4 Ra8 19. Nxb4 axb4 20. e4 b5 21. Nxd6
Qxd6 22. e5 Qb6 23. exf6 Qxf6 24. Qxf6 gxf6 25. d6 Rd7 26. Re7 Rad8 27. Rxd7
Rxd7 28. Rd5 Kg7 29. Kf1 Kg6 30. Ke2 f5 31. Ke3 Kf6 32. Kf4 Ke6 33. Rxc5 Rxd6
34. Rxb5 Rd2 35. Rxb4 Rxf2+ 36. Ke3 Rxh2 37. a4 Rh1 38. a5 Ra1 39. Rb6+ Ke5 40.
a6 h5 41. b4 Ra3+ 42. Kd2 Rxg3 43. a7 Rg8 44. Rb8 Rg2+ 45. Ke1 Ra2 46. a8=Q Rxa8
47. Rxa8 Kf4 48. Rh8 Kg4 49. b5 f4 50. b6 Kg3 51. b7 f3 52. b8=Q+ Kg2 53. Rg8+ 1-0

[Event "18th American Continental"]
[Site "Foz do Iguacu BRA"]
[Date "2025.05.24"]
[Round "3.96"]
[White "Moura, Bernardo Lalane Mascarenha"]
[Black "De Andrade, Arthur Batuli"]
[Result "0-1"]
[WhiteElo "1854"]
[BlackElo "1646"]
[WhiteFideId "44704976"]
[BlackFideId "22789820"]
[EventDate "2025.05.23"]

1. d4 d5 2. c4 c6 3. Nf3 Nf6 4. g3 e6 5. Bg2 Bd6 6. O-O O-O 7. Qc2 Nbd7 8. Nbd2
Re8 9. Rd1 Qe7 10. e4 dxe4 11. Nxe4 Nxe4 12. Qxe4 e5 13. d5 Nf6 14. Qh4 e4 15.
Nd4 Bg4 16. Rf1 Be5 17. Be3 cxd5 18. cxd5 Qd7 19. h3 Bf5 20. Nxf5 Qxf5 21. Rab1
Bd6 22. Bd4 Nxd5 23. Rfe1 e3 24. fxe3 Nxe3 25. Bxb7 Rab8 26. Bc6 Re7 27. Rbc1
Nc2 28. Rxe7 Bxe7 29. Qxe7 Nxd4 30. Bd7 Nf3+ 31. Kh1 Qd5 32. Bc6 Qd2 33. Bxf3
Qxc1+ 34. Kh2 Rxb2+ 35. Bg2 Qc8 36. Qxa7 h6 37. a4 Qc2 38. Qa8+ Kh7 39. Qa5 Ra2
40. Qd5 Qf2 41. Qd3+ g6 42. Qc3 Qxg2# 0-1

[Event "18th American Continental"]
[Site "Foz do Iguacu BRA"]
[Date "2025.05.24"]
[Round "3.97"]
[White "Barandiaran, Gabriel"]
[Black "Pereira Fo, Hildebrando Apolonio"]
[Result "0-1"]
[WhiteElo "1841"]
[BlackElo "1620"]
[WhiteFideId "3004694"]
[BlackFideId "2139510"]
[EventDate "2025.05.23"]

1. e4 c5 2. Nf3 d6 3. d4 cxd4 4. Nxd4 Nf6 5. Nc3 a6 6. Be2 g6 7. Be3 Bg7 8. Qd2
b5 9. f3 Bb7 10. Bh6 O-O 11. h4 Nbd7 12. h5 Nc5 13. hxg6 fxg6 14. Bxg7 Kxg7 15.
b4 e5 16. Ndxb5 axb5 17. bxc5 b4 18. Qh6+ Kh8 19. Nd5 Bxd5 20. exd5 dxc5 21. Bc4
Rg8 22. O-O-O Qd6 23. Qg5 Ra7 24. Rde1 Re7 25. f4 e4 26. Re3 Rgg7 27. Rf1 Rgf7
28. Rh1 Nh5 29. g3 Rf5 30. Qg4 Nf6 31. Rhe1 Rh5 32. Qxh5 Nxh5 33. Rxe4 Rxe4 34.
Rxe4 0-1

[Event "18th American Continental"]
[Site "Foz do Iguacu BRA"]
[Date "2025.05.24"]
[Round "3.98"]
[White "Mereles Riquelme, Mauricio"]
[Black "Mariani, Kim Paul"]
[Result "1-0"]
[WhiteElo "1615"]
[BlackElo "1828"]
[WhiteFideId "3708322"]
[BlackFideId "22779841"]
[EventDate "2025.05.23"]

1. e4 c5 2. Nf3 Nc6 3. d4 cxd4 4. Nxd4 e5 5. Nb5 d6 6. N1c3 a6 7. Na3 Be7 8. Nd5
Nf6 9. Be3 O-O 10. Nxf6+ Bxf6 11. Nc4 Be6 12. c3 Bxc4 13. Bxc4 Bg5 14. Qd2 Bxe3
15. Qxe3 b5 16. Bd5 Rc8 17. Rd1 Qa5 18. a3 Rfe8 19. O-O Ne7 20. Bb3 Qc7 21. Kh1
Ng6 22. g3 Nf8 23. f4 exf4 24. Rxf4 Ne6 25. Rf5 Rf8 26. Rdf1 Rce8 27. Qf3 Re7
28. Ba2 g6 29. Rf6 Ng5 30. Qg4 Qc5 31. Bd5 Re5 32. b4 Qxc3 33. h4 h5 34. Rxg6+
Kh8 35. Rh6+ Nh7 36. Qf4 f6 37. Rg6 Qxa3 38. Qh6 Qd3 39. Qg7# 1-0

[Event "18th American Continental"]
[Site "Foz do Iguacu BRA"]
[Date "2025.05.24"]
[Round "3.99"]
[White "Conor, Gilberto Bordignon"]
[Black "Dos Santos, Gabriel Conte"]
[Result "1-0"]
[WhiteElo "1813"]
[BlackElo "1543"]
[WhiteFideId "22782770"]
[BlackFideId "22776389"]
[EventDate "2025.05.23"]

1. e4 e5 2. Nf3 Nc6 3. Bc4 Bc5 4. b4 Bxb4 5. c3 Bd6 6. d4 Nf6 7. Bg5 Be7 8. dxe5
Nxe4 9. Qd5 Nxg5 10. Nxg5 O-O 11. Nxf7 Qe8 12. Nd6+ 1-0

[Event "18th American Continental"]
[Site "Foz do Iguacu BRA"]
[Date "2025.05.24"]
[Round "3.100"]
[White "Da Silva, Joao Carlos Orguim"]
[Black "Galeano Rolin, Mateo Josias"]
[Result "1-0"]
[WhiteElo "1809"]
[BlackElo "1502"]
[WhiteFideId "2121654"]
[BlackFideId "3716171"]
[EventDate "2025.05.23"]

1. e4 e5 2. c4 Nf6 3. d3 Nc6 4. Ne2 Bc5 5. h3 h6 6. g3 d6 7. Bg2 Be6 8. O-O Qd7
9. Kh2 h5 10. f4 Ng4+ 11. Kh1 Nf2+ 12. Rxf2 Bxf2 13. f5 O-O-O 14. fxe6 Qxe6 15.
Nbc3 a6 16. Qf1 Ba7 17. h4 Kb8 18. Bh3 Qe8 19. Nd5 Nd4 20. Be3 c6 21. Bxd4 Bxd4
22. Nxd4 cxd5 23. Nf5 g6 24. Ne3 d4 25. Nd5 Ka7 26. a4 Qf8 27. b4 Qg7 28. b5
Rdf8 29. b6+ Kb8 30. Qf6 Qxf6 31. Nxf6 Ka8 32. Rc1 Rd8 33. a5 Rhf8 34. c5 dxc5
35. Rxc5 Rd6 36. Nd7 Re8 37. Nxe5 Rf6 38. Kg2 Rd6 39. Nxf7 Rf6 40. Ng5 Rc6 41.
Rxc6 bxc6 42. Bd7 Re5 43. Bxc6+ Kb8 44. Bd5 Re7 45. Ne6 Re8 46. Nc5 Rd8 47.
Nxa6+ Kc8 48. b7+ Kd7 49. b8=Q Rxb8 50. Nxb8+ Kc7 51. Nc6 Kb7 52. Nxd4+ Ka6 53.
Nb3 g5 54. hxg5 Kb5 55. g6 Ka6 56. g7 Kb5 57. Bc4+ Ka4 58. a6 h4 59. a7 h3+ 60.
Kxh3 Kb4 61. g8=Q Kc3 62. a8=Q Kc2 63. Qg4 Kc3 64. Qa5+ Kc2 65. Qe2+ Kb1 66.
Qaa2# 1-0

[Event "18th American Continental"]
[Site "Foz do Iguacu BRA"]
[Date "2025.05.24"]
[Round "3.101"]
[White "Medero, Hildo Rodrigo"]
[Black "Moccero, Eduardo"]
[Result "1/2-1/2"]
[WhiteElo "1553"]
[BlackElo "1804"]
[WhiteFideId "20029098"]
[BlackFideId "103373"]
[EventDate "2025.05.23"]

1. c4 e6 2. g3 d5 3. d4 dxc4 4. Nc3 Nf6 5. Bg2 Be7 6. Qa4+ c6 7. Qxc4 Nbd7 8.
Nf3 Nb6 9. Qd3 Nbd5 10. a3 Nxc3 11. bxc3 Qc7 12. Bf4 Bd6 13. Bxd6 Qxd6 14. O-O
O-O 15. e4 Qc7 16. e5 Nd5 17. Rfe1 Ne7 18. g4 Ng6 19. h4 Nf4 20. Qe4 Nxg2 21.
Kxg2 f6 22. g5 f5 23. Qf4 b6 24. g6 h6 25. h5 1/2-1/2

[Event "18th American Continental"]
[Site "Foz do Iguacu BRA"]
[Date "2025.05.24"]
[Round "3.102"]
[White "Guimaraes, Felipe Pavanato"]
[Black "Serafim Junior, Arnor"]
[Result "0-1"]
[WhiteElo "1523"]
[BlackElo "1804"]
[WhiteFideId "538009064"]
[BlackFideId "2130750"]
[EventDate "2025.05.23"]

1. d3 g6 2. Nf3 Bg7 3. Nbd2 b6 4. e4 Bb7 5. c3 Nf6 6. Qc2 d6 7. Be2 c5 8. h3 Nc6
9. b3 O-O 10. Bb2 Rc8 11. O-O-O b5 12. Nf1 Qb6 13. Ng3 a5 14. h4 h5 15. Qd2 Ng4
16. Rhf1 Bh6 17. Ng5 f6 18. Bxg4 hxg4 19. Qe2 fxg5 20. Qxg4 gxh4+ 21. Qg5 Bxg5+
22. Kb1 hxg3 23. fxg3 Rxf1 24. Rxf1 Rf8 25. Rh1 Rf2 26. Rh2 c4 27. dxc4 bxc4 28.
b4 Rf1+ 29. Kc2 Qf2# 0-1